Flughafencodes Europa #3 - Statistiken

Allgemein
  • Dieses Quiz wurde 68 mal gespielt
  • Das Durchschnittsergebnis liegt bei 15 aus 15
Antwortstatistiken
Hint Antwort % Korrekt
Düsseldorf DUS
100%
Frankfurt FRA
100%
Hamburg HAM
100%
Ibiza IBZ
100%
London LHR
100%
Lissabon LIS
100%
München MUC
100%
Neapel NAP
100%
Zagreb ZAG
100%
Korfu CFU
98%
Zürich ZRH
98%
Palma de Mallorca PMI
96%
Danzig GDN
93%
Mailand MXP
88%
Genf GVA
84%
Keine übereinstimmenden Quizze gefunden
Verteilung der Resultate
Anzahl Personen mit jedem Resultat
Perzentil nach korrekt beantworteten Fragen
Ihre Resultats-Entwicklung
Sie haben dieses Quiz noch nicht gespielt